Peppa goes camping / (Record no. 789946)
[ view plain ]
| 000 -LEADER | |
|---|---|
| fixed length control field | 00886nam a22002297a 4500 |
| 003 - CONTROL NUMBER IDENTIFIER | |
| control field | 3228 |
| 005 - DATE AND TIME OF LATEST TRANSACTION | |
| control field | 20251126152303.0 |
| 008 - FIXED-LENGTH DATA ELEMENTS--GENERAL INFORMATION | |
| fixed length control field | 251126b sa ||||| |||| 00| 0 eng d |
| 020 ## - INTERNATIONAL STANDARD BOOK NUMBER | |
| International Standard Book Number | 9780241397572 (paperback) |
| 040 ## - CATALOGING SOURCE | |
| Original cataloging agency | MPL |
| Language of cataloging | English |
| Transcribing agency | 3228 |
| Description conventions | Resource Description and Access |
| 041 ## - LANGUAGE CODE | |
| Language code of text/sound track or separate title | English |
| 082 #0 - DEWEY DECIMAL CLASSIFICATION NUMBER | |
| Classification number | EKF ASTL |
| 100 ## - MAIN ENTRY--PERSONAL NAME | |
| 9 (RLIN) | 197948 |
| Personal name | Astley, Neville |
| Relator term | author |
| 245 ## - TITLE STATEMENT | |
| Title | Peppa goes camping / |
| Statement of responsibility, etc. | Neville Astley and Mark Baker |
| 260 ## - PUBLICATION, DISTRIBUTION, ETC. | |
| Place of publication, distribution, etc. | Melbourne: |
| Name of publisher, distributor, etc. | Vision Australia Personal Support, |
| Date of publication, distribution, etc. | 2020 |
| 300 ## - PHYSICAL DESCRIPTION | |
| Extent | unnumbered pages.: |
| Other physical details | color; |
| Dimensions | 21 cm |
| 490 ## - SERIES STATEMENT | |
| Series statement | Peppa Pig |
| 520 ## - SUMMARY, ETC. | |
| Summary, etc. | Peppa and her family are going on holiday to the countryside in their camper van. Find out what happens when they discover the delights of Mrs Camper Van, otherwise known as satellite navigation! |
| 650 #0 - SUBJECT ADDED ENTRY--TOPICAL TERM | |
| 9 (RLIN) | 197949 |
| Topical term or geographic name entry element | Camping Juvenile fiction |
| 700 ## - ADDED ENTRY--PERSONAL NAME | |
| 9 (RLIN) | 197950 |
| Personal name | Neville Astley |
| Relator term | author |
| 942 ## - ADDED ENTRY ELEMENTS | |
| Source of classification or shelving scheme | Dewey Decimal Classification |
| item type | Book |
| -- | 5815 |
| -- | Pontsho Maoko |
| -- | 5815 |
| -- | Pontsho Maoko |
| Withdrawn status | Lost status | Source of classification or shelving scheme | Damaged status | Not for loan | Collection code | Home library | Current library | Shelving location | Date acquired | Total Checkouts | Full call number | Barcode | Date last seen | Price effective from | item type |
|---|---|---|---|---|---|---|---|---|---|---|---|---|---|---|---|
| Dewey Decimal Classification | Fiction | DELMAS PUBLIC LIBRARY | DELMAS PUBLIC LIBRARY | Children's Area | 26.11.2025 | EKF ASTL | 33228031085811 | 26.11.2025 | 26.11.2025 | Book |